Saw, Sore, Soar - Click Quiz - Statistics

General Stats
  • This quiz has been taken 58 times
  • The average score is 17 of 20
Answer Stats
Hint Answer % Correct
Movie; 'The Texas Chain ____ Massacre Saw
92%
Sudden feeling of happiness; Spirits ____ Soar
92%
Describes a painful spot on the body Sore
92%
Cutting hand tool Saw
90%
What eagles do Soar
90%
Fly high in the air Soar
90%
Grievous or aching Sore
90%
Welcome and pleasant; a sight for ____ eyes Sore
88%
Likely to make someone angry; a ____ point Sore
88%
Upset and angry Sore
88%
Someone who doesn't accept defeat; a ____ loser Sore
88%
"Like a bear with a ____ head" Sore
88%
Fine particles produced when cutting wood; ____dust Saw
86%
Past tense of see Saw
86%
Increase quickly in amount or value Soar
86%
Pressure ulcer; bed____ Sore
86%
Worker who cuts wood as a job; ____yer Saw
84%
Large ray with a long snout; ____fish Saw
80%
Old slang for a surgeon; ____bones Saw
72%
Wasp like insect; ____fly Saw
60%
No matching quizzes found
Score Distribution
Percent of People with Each Score
Percentile by Number Answered
Your Score History
You have not taken this quiz